LEADER 01317nam a2200277 i 4500 001 000000191929 003 CaOOAMICUS 005 20190508105734.0 008 100830s2010 it u000 u ita u 013 $a170501 020 $a978-88-420-9209-4 040 $aSeMil$bita 100 1 $aFeuerbach, Ludwig,$d<1804-1872>.$0(OLS)http://semarc/name/1578 240 00$aTheogonie :$bnach den Quellen des classischen, hebraischen und christlichen Alterthums.$0(OLS)http://semarc/title/422707 245 10$aTeogonia :$bsecondo le fonti dell'antichità classica, ebraica e cristiana /$cLudwig Feuerbach ; a cura di Andrea Cardillo. 264 1$aRoma ; Bari :$bLaterza,$c2010. 300 $aXLII, 367 p. ;$c22 cm 490 0 $aBiblioteca filosofica Laterza 700 1 $aCardillo, Andrea.$0(OLS)http://semarc/name/70018 830 0$aBiblioteca filosofica Laterza.$0(OLS)http://semarc/title/13017 850 $aSeMil 852 $aSeMil$W1$xVenegono$y1$m2P VII 349$j212551$B142510$CSeMilBibl$Z2$F154077 $81 996 $6020$a978-88-420-9209-4$9(OLS)http://semarc/number/183064 996 $6245$aTeogonia :$bsecondo le fonti dell'antichità classica, ebraica e cristiana$9(OLS)http://semarc/title/276472 996 $6264$aRoma ; Bari :$bLaterza$9(OLS)http://semarc/publisher/30305 LEADER 01184nam a2200289 i 4500 001 000000079569 003 CaOOAMICUS 005 20190411093107.0 008 170418s2014 it u000 u ita u 013 $a51806 020 $a978-88-215-9295-9 040 $aSeMil$bita 100 1 $aRodari, Antonio <1938-1990>.$0(OLS)http://semarc/name/91239 245 13$aLa camomilla ha sconfitto il male /$cAntonio Rodari ; prefazione di Angelo Scola. 260 $aCinisello Balsamo :$bSan Paolo,$c2014. 300 $a168 p. ;$c22 cm. 490 0 $aLe vele ;$v308 650 4$aAutobiografie.$0(OLS)http://semarc/subject/2396 700 1 $aScola, Angelo,$c.$0(OLS)http://semarc/name/3364 830 3$aLe vele ;$v308.$0(OLS)http://semarc/title/422745 850 $aSeMil 852 $aSeMil$W1$xVenegono$y1$m1A V 79$j45243$B45243$CSeMilBibl$Z2$F47165 $81 961 $aOmaggio: Delpini mons. Mario 996 $6020$a978-88-215-9295-9$9(OLS)http://semarc/number/270524 996 $6245$aLa camomilla ha sconfitto il male$9(OLS)http://semarc/title/403478 996 $6260$aCinisello Balsamo :$bSan Paolo$9(OLS)http://semarc/publisher/30129